|
003 -Nazwa inst., której nr kontr. jest w polu 001 [,]
|
-
- @
- Nazwa instytucji, której n kontrolny jest w polu 001
- NUKAT
|
|
005 -DATA I CZAS OSTATNIEJ MODYFIKACJI [,]
|
-
- @
- pole kontrolne
- 20241231092524.0
|
|
020 -Międzynarod. znormalizowany nr książki - ISBN [ , ]
|
-
- a
- Numer ISBN
- 9781595581167
-
- q
- Dopowiedzenie
- hardcover
|
|
020 -Międzynarod. znormalizowany nr książki - ISBN [ , ]
|
-
- a
- Numer ISBN
- 1595581162
-
- q
- Dopowiedzenie
- hardcover
|
|
040 -Instytucja sporządzająca opis [ , ]
|
-
- a
- Instytucja, która sporządziła opis (NP)
- SZCZ U/JS
-
- b
- Język katalogowania
- pol
-
- e
- Zasady katalogowania
- rda
-
- c
- Instytucja, która sporządziła rekord (NP)
- SZCZ U/JSs
|
|
044 -Kraj miejsca wydania [ , ]
|
-
- a
- Kraj miejsca wydania
- Stany Zjednoczone po 1988
-
- a
- Kraj miejsca wydania
- Wielka Brytania po 1988
|
|
942 -Rodzaj dokumentu [ , ]
|
-
- c
- Rodzaj dokumentu
- Książka
|
|
300 -Strefa opisu fizycznego [ , ]
|
-
- a
- Określenie formy książki i/lub objętość (NP)
- XXVII, [1], 164 strony ;
-
|
|
336 -Typ zawartości [ , ]
|
-
- a
- Termin opisujący typ zawartości
- Tekst
-
- b
- Kod określający zawartość
- txt
-
- 2
- Źródło (terminu i kodu)
- rdacontent
|
|
337 -Typ mediów [ , ]
|
-
- a
- Tryb odtwarzania
- Bez urządzenia pośredniczącego
-
-
- 2
- Źródło (terminu i kodu)
- rdamedia
|
|
338 -Typ/rodzaj nośnika [ , ]
|
-
- a
- Hasło opisujące typ nośnika
- Wolumin
-
-
- 2
- Źródło (terminu i kodu)
- rdacarrier
|
|
380 -Deskryptor - Forma dzieła (P) [ , ]
|
-
- a
- forma dzieła (NP)
- Książki
|
|
380 -Deskryptor - Forma dzieła (P) [ , ]
|
-
- a
- forma dzieła (NP)
- Literatura faktu, eseje, publicystyka
|
|
388 -Deskryptor - czas powstania dzieła (P) [1, ]
|
-
- a
- Czas powstania dzieła (NP)
- 2001-
|
|
080 -Uniwersalna Klasyfikacja Dziesiętna [ , ]
|
-
- 2
- Identyfikator wydania tablic
- UDC-P058
-
- a
- Symbol klasyfikacji
- 308(73)
-
- b
- Dopowiedzenie
- Sytuacja społeczna w USA.
-
- x
- Poddział wspólny
- (=414/=45)
-
- b
- Dopowiedzenie
- (=Rasa czarna).
-
-
- b
- Dopowiedzenie
- =Język angielski.
|
|
080 -Uniwersalna Klasyfikacja Dziesiętna [ , ]
|
-
- 2
- Identyfikator wydania tablic
- UDC-P058
-
- a
- Symbol klasyfikacji
- 304
-
- b
- Dopowiedzenie
- Ogólne zagadnienia społeczne. Polityka społeczna.
-
- x
- Poddział wspólny
- -058.66
-
- b
- Dopowiedzenie
- -Ofiary katastrof, klęsk.
-
-
- b
- Dopowiedzenie
- (Stany Zjednoczone Ameryki Północnej. USA)
-
- x
- Poddział wspólny
- (=414/=45)
-
- b
- Dopowiedzenie
- (=Rasa czarna).
-
-
- b
- Dopowiedzenie
- =Język angielski.
|
|
080 -Uniwersalna Klasyfikacja Dziesiętna [ , ]
|
-
- 2
- Identyfikator wydania tablic
- UDC-P058
-
- a
- Symbol klasyfikacji
- 342.72/.73
-
- b
- Dopowiedzenie
- Prawa obywateli. Państwo a jednostka. Wolność osobista. Ochrona danych osobowych. Równość obywatelska i publiczna. Równość rasowa. Równość wyznania. Wolność nauki. Prawo zrzeszania się. Wolność zgromadzeń. Wolność sumienia i wyznania. Wolność prasy i widowisk. Prawo do pracy i ubezpieczeń społecznych. Prawo do nauki
-
-
- b
- Dopowiedzenie
- (Stany Zjednoczone Ameryki Północnej. USA)
-
- x
- Poddział wspólny
- (=414/=45)
-
- b
- Dopowiedzenie
- (=Rasa czarna).
-
-
- b
- Dopowiedzenie
- =Język angielski.
|
|
080 -Uniwersalna Klasyfikacja Dziesiętna [ , ]
|
-
- 2
- Identyfikator wydania tablic
- UDC-P058
-
- a
- Symbol klasyfikacji
- 323.12
-
- b
- Dopowiedzenie
- Ruchy przeciwko określonym rasom i narodowościom. Rasizm. Ksenofobia.
-
-
- b
- Dopowiedzenie
- (Stany Zjednoczone Ameryki Północnej. USA)
-
- x
- Poddział wspólny
- (=414/=45)
-
- b
- Dopowiedzenie
- (=Rasa czarna).
-
-
- b
- Dopowiedzenie
- =Język angielski.
|
|
650 -Hasło przedmiotowe [ ,7]
|
-
- a
- Hasło przedmiotowe
- Cyklon Katrina (2005)
-
- x
- Określnik rzeczowy
- aspekt społeczny.
-
-
|
|
650 -Hasło przedmiotowe [ ,7]
|
-
- a
- Hasło przedmiotowe
- Czarni Amerykanie
-
- x
- Określnik rzeczowy
- prawa
-
- x
- Określnik rzeczowy
- historia.
-
-
|
|
650 -Hasło przedmiotowe [ ,7]
|
-
- a
- Hasło przedmiotowe
- Czarni Amerykanie
-
- x
- Określnik rzeczowy
- sytuacja społeczna
-
- y
- Określnik chronologiczny
- 1990-.
-
-
|
|
650 -Hasło przedmiotowe [ ,7]
|
-
- a
- Hasło przedmiotowe
- Rasizm
-
- x
- Określnik rzeczowy
- aspekt polityczny
-
- z
- Określnik geograficzny
- Stany Zjednoczone
-
- y
- Określnik chronologiczny
- 1990-.
-
-
|
|
650 -Hasło przedmiotowe [ ,7]
|
-
- a
- Hasło przedmiotowe
- Afroamerykanie
-
-
|
|
650 -Hasło przedmiotowe [ ,7]
|
-
- a
- Hasło przedmiotowe
- Huragan Katrina (2005)
-
|
|
651 -Hasło przedmiotowe w formie nazwy geograficznej [ ,7]
|
-
- a
- Nazwa geograficzna
- Stany Zjednoczone
-
- x
- Określnik rzeczowy
- stosunki międzyetniczne
-
- y
- Określnik chronologiczny
- 1990-.
-
-
|
|
655 -Hasło w funkcji tematu formalnego [ ,7]
|
-
- a
- Hasło
- Literatura faktu, eseje, publicystyka
-
-
|
|
980 -Symbol UKD [ , ]
|
-
- a
- UKD
- 308:304-058.66:342.72/.73:323.12](73)(=414/=45)=111
|